La Construcción de ciudades vulnerables: resumen /
En este resumen se refieren los elementos considerados acerca de la vulnerabilidad y la ciudad. Esta propuesta parte metodológicamente de los daños registrados a raíz de un desastre en un ambiente urbano para poder discernir entre los factores naturales y los factores sociales que se articulan en lo...
محفوظ في:
| المؤلف الرئيسي: | |
|---|---|
| التنسيق: | أطروحة |
| منشور في: |
Tegucigalpa:
UNAH
|
| الموضوعات: | |
| الوسوم: |
إضافة وسم
لا توجد وسوم, كن أول من يضع وسما على هذه التسجيلة!
|
MARC
| LEADER | 00000 a a2200000 04500 | ||
|---|---|---|---|
| 001 | 28565 | ||
| 003 | |||
| 040 | |a CRAI/IIS |c CRAI/IIS | ||
| 090 | |a 18913.00 | ||
| 100 | |a Caballero Zeitun, Elsa Lily | ||
| 245 | |a La Construcción de ciudades vulnerables: |b resumen / |c Elsa Lily Caballero Zeitun | ||
| 260 | |a Tegucigalpa: |b UNAH | ||
| 300 | |a 24 p | ||
| 502 | |a Tesis (Doctorado en Ciencias Sociales con Orientación en Gestión del Desarrollo) -- Universidad Nacional Autónoma de Honduras. Sistema de Estudios de Postgrado. Postgrado Latinoamericano en Trabajo Social, 2001 | ||
| 520 | |a En este resumen se refieren los elementos considerados acerca de la vulnerabilidad y la ciudad. Esta propuesta parte metodológicamente de los daños registrados a raíz de un desastre en un ambiente urbano para poder discernir entre los factores naturales y los factores sociales que se articulan en los escenarios de desastres urbanos | ||
| 650 | |a DESARROLLO URBANO | ||
| 650 | |a DESARROLLO ECONOMICO Y SOCIAL | ||
| 650 | |a DESASTRES | ||
| 650 | |a PLANIFICACION URBANA | ||
| 999 | |c 18046 |d 18046 | ||
